The Friday Multiple Choice Quiz (General Knowledge) #5 - Statistics

General Stats
  • This quiz has been taken 50 times
  • The average score is 7 of 10
Answer Stats
Question Answer % Correct
What is the name of the tube that connects the larynx to the lungs? Trachea
93%
Which fictional character lives in Wayne Manor? Batman
89%
'Cum Lupis Saltat' is the Latin translation of which film? Dances With Wolves
76%
The Komodo dragon is the national animal of which country? Indonesia
65%
In which country is Lake Garda? Italy
65%
In the game of netball, how many players in each team are allowed to shoot? 2
63%
Which of the following actors has Not featured in the title of a UK top ten single? James Stewart
59%
By what first name was Field Marshall Rommel commonly known? Erwin
50%
Which novel features a post-human species called Morlocks? The Time Machine
48%
Which of the five senses is most likely to be affected when a person is struck by lightning? Hearing
41%
No matching quizzes found
Score Distribution
Percent of People with Each Score
Percentile by Number Answered
Your Score History
You have not taken this quiz